000
00291nam a22001337a 4500
008
170913b xxu||||| |||| 00| 0 eng d
020
_a
9781285107905
041
_a
eng
080
_2
9 ED
_a
53
100
_a
43
101
_a
FIZ
245
_a
COLLEGE PHYSICS
_c
VUILLE.S
942
_2
udc
_c
BK
999
_c
27420
_d
27420